Eastern Utah Libraries Catalog: Duchesne, Heber, Roosevelt, & Vernal

The Rocky Mountain berry book / (Record no. 413873)

MARC details
000 -LEADER
fixed length control field 01568cam a2200349 a 4500
001 - CONTROL NUMBER
control field 24058238
005 - DATE AND TIME OF LATEST TRANSACTION
control field 20251124164227.0
008 - FIXED-LENGTH DATA ELEMENTS--GENERAL INFORMATION
fixed length control field 900410s1991 mtua b 001 0 eng
010 ## - LIBRARY OF CONGRESS CONTROL NUMBER
LC control number 90081720
020 ## - INTERNATIONAL STANDARD BOOK NUMBER
International Standard Book Number 1560440406
020 ## - INTERNATIONAL STANDARD BOOK NUMBER
International Standard Book Number 9781560440406
035 ## - SYSTEM CONTROL NUMBER
System control number (CoDU)b41157254-01uode_inst
035 ## - SYSTEM CONTROL NUMBER
System control number (OCoLC)ocm24058238
035 ## - SYSTEM CONTROL NUMBER
System control number (OCoLC)24058238
040 ## - CATALOGING SOURCE
Original cataloging agency DLC
Transcribing agency DLC
Modifying agency BTCTA
-- BAKER
-- YDXCP
-- OCLCG
Description conventions rda
043 ## - GEOGRAPHIC AREA CODE
Geographic area code nr-----
092 ## - LOCALLY ASSIGNED DEWEY CALL NUMBER (OCLC)
Classification number general nonfiction
Item number 641.64 Krumm, Bob
100 1# - MAIN ENTRY--PERSONAL NAME
Personal name Krumm, Bob,
Dates associated with a name 1944-
9 (RLIN) 33358
245 14 - TITLE STATEMENT
Title The Rocky Mountain berry book /
Statement of responsibility, etc Bob Krumm.
260 ## - PUBLICATION, DISTRIBUTION, ETC. (IMPRINT)
Place of publication, distribution, etc Helena, Mont. :
Name of publisher, distributor, etc Falcon Press,
Date of publication, distribution, etc 2015
264 ## - Production, Publication, Distribution, Manufacture, and Copyright Notice.
Place of production, publication, distribution, manufacture Helena, Mont. :
Name of producer, publisher, distributor, manufacturer Falcon Press,
Date of production, publication, distribution, manufacture, or copyr 2015
300 ## - PHYSICAL DESCRIPTION
Extent vi, 162 p. :
Other physical details ill. (some col.) ;
Dimensions 23 cm.
504 ## - BIBLIOGRAPHY, ETC. NOTE
Bibliography, etc Includes bibliographical references (p. 161-162) and indexes.
520 ## - SUMMARY, ETC.
Summary, etc "What starts out as a calm night in Salt Lake City turns into chaos when a passenger plane crashes into the mountains. When reformed cyber hacker Tanner Stone links the accident to an ingenious Chinese computer virus, it s up to him to prevent it from destroying the financial data of everyone in America! Thrilling, explosive, and packed with twists, this book changes everything you know about Internet security. - Book was originally titled 'The Utah Code Breaker'."
650 #0 - SUBJECT ADDED ENTRY--TOPICAL TERM
Topical term or geographic name as entry element Cooking (Berries)
9 (RLIN) 5711245
650 #0 - SUBJECT ADDED ENTRY--TOPICAL TERM
Topical term or geographic name as entry element Berries
Geographic subdivision Rocky Mountains Region
Form subdivision Identification.
9 (RLIN) 5711246
655 #0 - INDEX TERM--GENRE/FORM
Genre/form data or focus term Cookbooks.
942 ## - ADDED ENTRY ELEMENTS (KOHA)
Source of classification or shelving scheme Dewey Decimal Classification
Koha item type BOOK
Holdings
Withdrawn status Lost status Source of classification or shelving scheme Damaged status Not for loan Collection code Home library Current library Shelving location Date acquired Source of acquisition Total Checkouts Total Renewals Full call number Barcode Date last seen Date checked out Cost, replacement price Price effective from Koha item type
    Dewey Decimal Classification     General NonFiction Wasatch County Library Wasatch County Library Second Floor 11/25/2025 Donation 2 1 641.64 Krumm 34301002101972 01/21/2026 01/12/2026 12.95 11/25/2025 BOOK
This project was made possible through a grant from the Institute of Museum and Library Service administered by the Utah State Library Division.

Wasatch County Library

  • 465 East 1200 South, Heber City, Utah 84032
  • Phone 435-654-1511 | Fax 435-654-6456

Hours

  • Monday - Friday 9:30 AM - 8:00 PM
  • Saturday 9:30 AM - 1:30 PM
  • Closed Sundays and Holidays